Report of the Advisory Group on Transparency in Monetary and Fiancial Policies (Record no. 482451)

000 -LEADER
fixed length control field 00582cam a22001457a 4500
008 - FIXED-LENGTH DATA ELEMENTS--GENERAL INFORMATION
fixed length control field 180718b2000 xxu||||| |||| 00| 0 eng d
082 ## - DEWEY DECIMAL CLASSIFICATION NUMBER
Classification number T478x54 R299S/F
100 ## - MAIN ENTRY--PERSONAL NAME
Personal name Standing Committee on International Financial Standards and Codes.
245 ## - TITLE STATEMENT
Title Report of the Advisory Group on Transparency in Monetary and Fiancial Policies
Statement of responsibility, etc. by Standing Committee on International Financial Standards and Codes
260 ## - PUBLICATION, DISTRIBUTION, ETC.
Place of publication, distribution, etc. Bombay
Name of publisher, distributor, etc. Reserve Bank of India
Date of publication, distribution, etc. 2000
300 ## - PHYSICAL DESCRIPTION
Extent 67p.
500 ## - GENERAL NOTE
General note Chairman: M. Narasimham
700 ## - ADDED ENTRY--PERSONAL NAME
Personal name Reserve Bank of India
700 ## - ADDED ENTRY--PERSONAL NAME
Personal name Narasimham, M. (Chairman)
Holdings
Withdrawn status Lost status Damaged status Not for loan Permanent Location Current Location Date acquired Full call number Barcode Date last seen Price effective from Koha item type
        Indian Institute of Public Administration Indian Institute of Public Administration 2018-08-04 T478x54 R299S/F GG25386 2018-08-04 2018-08-04 GG
        Indian Institute of Public Administration Indian Institute of Public Administration 2018-08-04 T478x54 R299S/F GG25385 2018-08-04 2018-08-04 GG

Powered by Koha